Post-repudiation adjudication (Record no. 117905)

MARC details
000 -LEADER
fixed length control field 01757cam a2200241 4500
001 - CONTROL NUMBER
control field ABS68123
008 - FIXED-LENGTH DATA ELEMENTS--GENERAL INFORMATION
fixed length control field 040826n2004 000 0 eng u
035 ## - SYSTEM CONTROL NUMBER
System control number (Sirsi) u127173
100 ## - MAIN ENTRY--PERSONAL NAME
Personal name Brewer, G.
245 ## - TITLE STATEMENT
Title Post-repudiation adjudication
260 ## - PUBLICATION, DISTRIBUTION, ETC.
Date of publication, distribution, etc. 2004
490 ## - SERIES STATEMENT
Series statement Contract Journal
Volume/sequential designation 424(6485) 21 July 2004, 34(1)
520 ## - SUMMARY, ETC.
Summary, etc. Discusses "Connex South Eastern Ltd v MJ Building Services Group Plc" ([2004] EWHC 1518 (TCC), [2004] BLR 333-340(8) where the requirement for an agreement to be in writing within the meaning of the Housing Grants, Construction and Regeneration Act 1996 s107 was considered. M had entered into a contract with C to supply CCTV cameras at railway stations. No written contract was entered into. M received instructions that the works were completely suspended, when C was acquired by another company. M sent C a letter stating C had repudiated the alleged contract and M had accepted the repudiation. M served a notice of adjudication on its claim for payment, which C refuted claiming there was no written acceptance of M's tender. Judge rejected C's claim that adjudication was intended only to relieve cash flow problems arising during the course of a contract and could not be used in the case of a dispute where a repudiation had been accepted. C's declaration was refused and the adjudication was allowed to proceed to deal with the matters in dispute between the parties.
590 ## - LOCAL NOTE (RLIN)
Local note ABS
590 ## - LOCAL NOTE (RLIN)
Local note ABS
650 ## - SUBJECT ADDED ENTRY--TOPICAL TERM
Topical term or geographic name entry element ADJUDICATION
650 ## - SUBJECT ADDED ENTRY--TOPICAL TERM
Topical term or geographic name entry element REPUDIATION
650 ## - SUBJECT ADDED ENTRY--TOPICAL TERM
Topical term or geographic name entry element CONNEX SOUTH EASTERN LTD V MJ BUILDING SERVICES GROUP PLC
650 ## - SUBJECT ADDED ENTRY--TOPICAL TERM
Topical term or geographic name entry element HOUSING GRANTS, CONSTRUCTION AND REGENERATION ACT 1996 S107
650 ## - SUBJECT ADDED ENTRY--TOPICAL TERM
Topical term or geographic name entry element VERBAL AGREEMENT
690 ## - LOCAL SUBJECT ADDED ENTRY--TOPICAL TERM (OCLC, RLIN)
Topical term or geographic name as entry element DISPUTE RESOLUTION-CASE LAW
942 ## - ADDED ENTRY ELEMENTS (KOHA)
Suppress in OPAC 0
Holdings
Withdrawn status Lost status Source of classification or shelving scheme Damaged status Not for loan Home library Current library Shelving location Date acquired Total Checkouts Full call number Barcode Date last seen Copy number Price effective from Koha item type
    Dewey Decimal Classification     London London Journal article 26/08/2004   ABS68123 127173-1001 06/08/2019 1 06/08/2019 Journal article